000 01159 a2200217 4500
003 Nust
005 20230608160742.0
010 _a 91073388
020 _a0818619244 (case)
020 _a0818659246 (fiche)
040 _cNust
082 0 0 _a006.33,GRA
245 0 0 _aKnowledge-based systems :
_bfundamentals and tools /
_c[compiled by] Oscar N. Garcia and Yi-Tzuu Chien.
260 _aLos Alamitos, Calif. :
_bIEEE Computer Society Press,
_c1991.
300 _axiv, 495 p. :
_bill. ;
_c28 cm.
505 _aAn Introduction to Knowledge Based System and Software (Page-1), The Role Of Knowledge Engineering (Page-61), Its Symbolic Representation (Page-135), Logic, Logic Programming and Prolog (Page-183), Rule- Based System (Page-213), Dealing with Uncertainty (Page-284), An Introduction to Learning and the Connectionist Approach (Page-345), Knowledge Validation Verification and Utilization (Page-373), Language Shells and Tools (Page-419), An Overview of Applications (Page-457).
650 0 _aExpert systems (Computer science)
_921983
700 1 _aChien, Yi-Tzuu,
_d1938-
_9109119
700 1 _aGarcia, Oscar N.,
_d1936-
_9109120
942 _2ddc
_cBK
999 _c179584
_d179584